Statistics for 1990s Movie Co-Stars

Click here to take the quiz!

General Stats

  • This quiz has been taken 26,095 times
  • The average score is 12 of 20

Answer Stats

Stars Movie or Series % Correct
Leonardo DiCaprio, Kate WinsletTitanic
94%
Macaulay Culkin, Joe PesciHome Alone series
90%
John Travolta, Uma ThurmanPulp Fiction
87%
Keanu Reeves, Laurence FishburneThe Matrix series
81%
Brad Pitt, Edward NortonFight Club
81%
Demi Moore, Patrick SwayzeGhost
80%
Matt Damon, Robin WilliamsGood Will Hunting
73%
Jason Biggs, Tara ReidAmerican Pie series
69%
Bill Murray, Andie MacDowellGroundhog Day
63%
Kevin Spacey, Annette BeningAmerican Beauty
62%
Bill Pullman, Will SmithIndependence Day
56%
Jeff Bridges, John GoodmanThe Big Lebowski
54%
Sam Neill, Laura DernJurassic Park series
52%
Matt Damon, Tom HanksSaving Private Ryan
50%
Sharon Stone, Michael DouglasBasic Instinct
49%
Al Pacino, Robert De NiroHeat
40%
Ewan McGregor, Kelly MacdonaldTrainspotting
36%
Neve Campbell, Denise RichardsWild Things
35%
Ice Cube, Chris TuckerFriday
35%
Jack Nicholson, Demi MooreA Few Good Men
33%

Score Distribution

Percentile by Number Answered

Percent of People with Each Score

Your Score History

You have not taken this quiz